[Event "Slow Chess"]
[Site "SchemingMind.com"]
[Date "2012.02.22"]
[Round "-"]
[White "clario"]
[Black "Olli Ylönen"]
[Result "1-0"]
[WhiteCountry "RSA"]
[BlackCountry "FIN"]
[WhiteElo "2099"]
[WhiteRD "70"]
[BlackElo "1847"]
[BlackRD "53"]
[GameID "303941"]

1. d4 Nf6 2. c4 g6 3. Nc3 d5 4. cxd5 Nxd5 5. e4 Nxc3 6. bxc3 Bg7 7. Bc4 c5 8. Ne2 Nc6 9. Be3 cxd4 10. cxd4 Qa5+
11. Bd2 Qd8 12. Bc3 O-O 13. O-O Bg4 14. f3 Bd7 15. Rb1 Qc7 16. Qd2 a6 17. a4 e5 18. d5 Nd4 19. Bxd4 Qxc4 20. Be3 Qc8
21. a5 Bb5 22. Rfc1 Qd7 23. Nc3 Rfc8 24. Nxb5 Rxc1+ 25. Qxc1 axb5 26. Bb6 Rc8 27. Qb2 Bf8 28. Qxe5 Bc5+ 29. Bxc5 Rxc5 30. Qf6 Qc7
31. d6 Qc6 32. h4 h5 33. Qd8+ Kg7 34. d7 Rc1+ 35. Rxc1 Qxc1+ 36. Kh2 Qf4+ 37. Kh3 Qc1 38. Qb8 Qh1+ 39. Qh2 Qd1 40. Qe5+ Kh7
41. Qe7 g5 42. hxg5 Qh1+ 43. Kg3 Qe1+ 44. Kf4 Qd2+ 45. Kf5
1-0

[Event "Slow Chess"]
[Site "SchemingMind.com"]
[Date "2012.02.23"]
[Round "-"]
[White "clario"]
[Black "SittingBull"]
[Result "1-0"]
[WhiteCountry "RSA"]
[BlackCountry "CAN"]
[WhiteElo "2242"]
[WhiteRD "70"]
[BlackElo "1775"]
[BlackRD "82"]
[GameID "303942"]

1. d4 Nf6 2. c4 g6 3. Nc3 Bg7 4. e4 d6 5. Nf3 O-O 6. Be2 e5 7. O-O Nc6 8. d5 Ne7 9. Ne1 a5 10. Nd3 Nd7
11. Bg5 h6 12. Bd2 f5 13. f3 f4 14. a3 g5 15. b4 axb4 16. axb4 Rxa1 17. Qxa1 Nf6 18. Qa7 g4 19. fxg4 Nxg4 20. c5 Ng6
21. b5 Ne3 22. Bxe3 fxe3 23. cxd6
1-0

[Event "Slow Chess"]
[Site "SchemingMind.com"]
[Date "2012.02.22"]
[Round "-"]
[White "clario"]
[Black "Coretismo"]
[Result "1-0"]
[WhiteCountry "RSA"]
[BlackCountry "ENG"]
[WhiteElo "2242"]
[WhiteRD "70"]
[BlackElo "2039"]
[BlackRD "86"]
[GameID "303943"]

1. d4 Nf6 2. c4 g6 3. Nc3 d5 4. cxd5 Nxd5 5. e4 Nxc3 6. bxc3 Bg7 7. Bc4 O-O 8. Ne2 Nc6 9. O-O b6 10. Be3 Bb7
11. Rb1 Qd6 12. Qc2 Rfd8 13. Rfd1 e6 14. Nf4 Ne7 15. Be2 e5 16. Nh3 exd4 17. cxd4 Nc6 18. e5 Qe7 19. Bg5 f6 20. exf6 Bxf6
21. Re1 Qg7 22. Bf3 Na5 23. Bxb7 Nxb7 24. Qb3+ Kh8 25. Qf3 Bxg5 26. Nxg5
1-0

[Event "Slow Chess"]
[Site "SchemingMind.com"]
[Date "2012.02.24"]
[Round "-"]
[White "Majoanis"]
[Black "clario"]
[Result "0-1"]
[WhiteCountry "CAN"]
[BlackCountry "RSA"]
[WhiteElo "1777"]
[WhiteRD "54"]
[BlackElo "2180"]
[BlackRD "73"]
[GameID "303945"]

1. c4 e5 2. Nc3 Nf6 3. g3 d5 4. cxd5 Nxd5 5. Bg2 Nb6 6. d3 Be7 7. Nf3 Nc6 8. O-O O-O 9. a3 Be6 10. b4 a5
11. b5 Nd4 12. Be3 f6 13. a4 Bb4
0-1

[Event "Slow Chess"]
[Site "SchemingMind.com"]
[Date "2012.02.24"]
[Round "-"]
[White "emvarela"]
[Black "clario"]
[Result "0-1"]
[WhiteCountry "ARG"]
[BlackCountry "RSA"]
[WhiteElo "1746"]
[WhiteRD "46"]
[BlackElo "2247"]
[BlackRD "69"]
[GameID "303946"]

1. e4 c5 2. Nf3 d6 3. d4 cxd4 4. Nxd4 Nf6 5. Nc3 a6 6. Be3 e6 7. f3 b5 8. Qd2 Nbd7 9. g4 h6 10. O-O-O Bb7
11. h4 b4 12. Na4 Qa5 13. b3 Rc8 14. Bd3 Nc5 15. Kb2 Nxa4+ 16. bxa4 Nd7 17. Nb3 Qxa4 18. Rhe1 Be7 19. Be2 Bxh4 20. Rh1 Bf6+
21. Bd4 Ne5 22. f4 Bxe4 23. c3 bxc3+ 24. Bxc3 Nd3+
0-1

[Event "Slow Chess"]
[Site "SchemingMind.com"]
[Date "2012.02.24"]
[Round "-"]
[White "Scooter"]
[Black "clario"]
[Result "0-1"]
[WhiteCountry "USA"]
[BlackCountry "RSA"]
[WhiteElo "1771"]
[WhiteRD "51"]
[BlackElo "2180"]
[BlackRD "73"]
[GameID "303947"]

1. d4 d5 2. Nf3 Nf6 3. Bf4 c5 4. e3 Nc6 5. c3 Bg4 6. Be2 e6 7. h3 Bxf3 8. Bxf3 cxd4 9. exd4 Qb6 10. Qb3 Qxb3
11. axb3 Rd8 12. O-O Bd6 13. Bxd6 Rxd6 14. Na3 a5 15. Nb5 Rd7 16. b4 axb4 17. Ra8+ Rd8 18. Nd6+ Kd7 19. Rxd8+ Nxd8 20. Nb5 Nc6
21. cxb4 Ra8 22. Rc1 Ra4 23. Be2 Rxb4 24. Rc2 Ne4 25. Bd3 f5 26. Bxe4 fxe4 27. Rd2 Rxb5
0-1

[Event "Slow Chess"]
[Site "SchemingMind.com"]
[Date "2012.02.22"]
[Round "-"]
[White "Olli Ylönen"]
[Black "clario"]
[Result "1/2-1/2"]
[WhiteCountry "FIN"]
[BlackCountry "RSA"]
[WhiteElo "1845"]
[WhiteRD "53"]
[BlackElo "2247"]
[BlackRD "69"]
[GameID "303948"]

1. e4 c5 2. Nf3 d6 3. d4 cxd4 4. Nxd4 Nf6 5. Nc3 a6 6. Bg5 e6 7. f4 Nbd7 8. Qf3 Qc7 9. O-O-O b5 10. Bd3 Bb7
11. Rhe1 h6 12. Qh3 O-O-O 13. Bxf6 Nxf6 14. Nd5 Nxd5 15. exd5 Bxd5 16. a4 bxa4 17. Bxa6+ Kb8 18. f5 e5 19. Nb5 Qc5 20. Qc3 Qxc3
21. Nxc3 Bxg2 22. Rxe5 dxe5 23. Rxd8+ Kc7 24. Rc8+ Kb6=
1/2-1/2

[Event "Slow Chess"]
[Site "SchemingMind.com"]
[Date "2012.02.22"]
[Round "-"]
[White "SittingBull"]
[Black "clario"]
[Result "0-1"]
[WhiteCountry "CAN"]
[BlackCountry "RSA"]
[WhiteElo "1775"]
[WhiteRD "82"]
[BlackElo "2242"]
[BlackRD "70"]
[GameID "303949"]

1. e4 c5 2. Nf3 d6 3. d4 cxd4 4. Nxd4 Nf6 5. Nc3 a6 6. Bg5 e6 7. f4 Be7 8. Qf3 Qc7 9. O-O-O Nbd7 10. Bd3 h6
11. Bh4 Nc5 12. Rhe1 Nfxe4 13. Nxe4 Bxh4 14. g3 Be7 15. f5 Nxe4 16. Qxe4 e5 17. Nf3 Bd7 18. g4 Bc6 19. Qe3 Rd8 20. Kb1 b5
21. h4 Bxf3 22. Qxf3 Bxh4
0-1

[Event "Slow Chess"]
[Site "SchemingMind.com"]
[Date "2012.02.26"]
[Round "-"]
[White "Coretismo"]
[Black "clario"]
[Result "0-1"]
[WhiteCountry "ENG"]
[BlackCountry "RSA"]
[WhiteElo "2027"]
[WhiteRD "84"]
[BlackElo "2247"]
[BlackRD "69"]
[GameID "303950"]

1. c4 e5 2. Nc3 Nf6 3. g3 d5 4. cxd5 Nxd5 5. Bg2 Nb6 6. d3 Be7 7. Nf3 Nc6 8. O-O O-O 9. Be3 Be6 10. Ne4 f5
11. Nc5 Bd5 12. Nb3 a5 13. Bxb6 cxb6 14. e3 Qd6 15. Nbd2 Rad8 16. Ne1 Be6 17. b3 b5 18. Rc1 Nb4 19. a4 Nxd3 20. Nxd3 Qxd3
21. Nf3 Qxb3 22. Qxb3 Bxb3 23. Rc7 Bd6 24. Rxb7 bxa4 25. Nd2 Bf7 26. Rfb1 a3 27. Ra1 e4 28. Bf1 Be5
0-1

[Event "Slow Chess"]
[Site "SchemingMind.com"]
[Date "2012.02.26"]
[Round "-"]
[White "The Stonewall"]
[Black "clario"]
[Result "1-0"]
[WhiteCountry "ENG"]
[BlackCountry "RSA"]
[WhiteElo "2310"]
[WhiteRD "90"]
[BlackElo "2095"]
[BlackRD "75"]
[GameID "303988"]

1. e4 c5 2. Nf3 d6 3. Bb5+ Bd7 4. Bxd7+ Nxd7 5. c4 Ngf6 6. Nc3 e6 7. O-O Be7 8. d4 cxd4 9. Nxd4 O-O 10. b3 Qa5
11. Bb2 Qc5 12. Qd2 a6 13. Rad1 Rac8 14. Rfe1 Kh8 15. Qe2 Rfd8 16. Na4 Qg5 17. Bc3 Kg8 18. g3 Qh6 19. Kg2 g5 20. h3 Ne5
21. Nb6 Rc7 22. Nf3 Nxf3 23. Qxf3 e5 24. Qe3 Qg6 25. a4 Rc6 26. a5 Kh8 27. Nd5 Nxd5 28. Rxd5 Rdc8 29. Qa7 R6c7 30. Qb6 Kg8
31. Qe3 Rc5 32. Rxc5 Rxc5 33. Bb4 Rc7 34. Qd3 h5= 35. Bd2 Kf8 36. Be3 Rc6 37. Qd5 Kg8 38. Rg1 Qf6 39. Rb1 Qe6 40. Qd2 Qg6
41. Qd3 Kg7 42. Rd1 Kf8 43. Bd2 Rc5 44. Bb4 Rc8 45. f3 Rc6 46. Rf1 Ke8 47. Qe3 f5 48. g4 hxg4 49. hxg4 fxe4 50. fxe4 Kd7
51. Rf5 Qh6 52. Be1 Rc5 53. Qd3 Qe6 54. Bc3 Kc8 55. Qf3 Kd7 56. Rf7 Ke8 57. Rh7 Rc6 58. Bd2 Qg6 59. Rh8+ Kd7 60. Qf5+ Qxf5
61. gxf5 b5 62. cxb5 axb5 63. Kf3 Rc2 64. Be3 Ra2 65. Ra8 Rb2 66. a6 Rxb3 67. Ra7+ Kd8 68. Rb7 g4+ 69. Ke2 Rb2+ 70. Kd3 Rb3+
71. Kd2 Ra3 72. a7 Ra2+ 73. Kc3 b4+ 74. Kb3
1-0

[Event "Slow Chess"]
[Site "SchemingMind.com"]
[Date "2012.02.24"]
[Round "-"]
[White "The Stonewall"]
[Black "Majoanis"]
[Result "1-0"]
[WhiteCountry "ENG"]
[BlackCountry "CAN"]
[WhiteElo "2310"]
[WhiteRD "80"]
[BlackElo "1777"]
[BlackRD "54"]
[GameID "303989"]

1. e4 e5 2. Nf3 Nc6 3. Bb5 a6 4. Bxc6 dxc6 5. O-O f6 6. d4 exd4 7. Nxd4 c5 8. Nb3 Qxd1 9. Rxd1 Bg4 10. f3 Be6
11. Be3 b6 12. a4 a5 13. Na3 Bd6 14. Nb5 Rd8 15. Rd2 Nh6 16. Bxh6 gxh6 17. Rad1 Ke7 18. Nxd6 Rxd6 19. Rxd6 cxd6 20. Nc1 Rg8
21. Ne2 h5 22. Nf4 Bf7 23. Nd5+ Bxd5 24. Rxd5 Rg5 25. Rxg5 fxg5 26. h4 h6 27. Kf2 Ke6 28. g3 Ke5 29. Ke3
1-0

[Event "Slow Chess"]
[Site "SchemingMind.com"]
[Date "2012.02.25"]
[Round "-"]
[White "The Stonewall"]
[Black "emvarela"]
[Result "1-0"]
[WhiteCountry "ENG"]
[BlackCountry "ARG"]
[WhiteElo "2310"]
[WhiteRD "80"]
[BlackElo "1740"]
[BlackRD "47"]
[GameID "303990"]

1. d4 Nf6 2. Bg5 Ne4 3. Bf4 g5 4. Be5 Rg8 5. Qd3 d5 6. f3 Nd6 7. Nc3 f6 8. Bg3 Bf5 9. e4 dxe4 10. fxe4 Bg6
11. O-O-O c6 12. Nf3 Nd7 13. Be2 f5 14. Bxd6 exd6 15. exf5 Bf7 16. Rhe1 Qf6 17. d5 Nc5 18. Qe3+ Kd7 19. dxc6+ bxc6 20. Qxc5 d5
21. Nxd5 cxd5 22. Bb5+ Kd8 23. Rxd5+
1-0

[Event "Slow Chess"]
[Site "SchemingMind.com"]
[Date "2012.02.22"]
[Round "-"]
[White "The Stonewall"]
[Black "Scooter"]
[Result "1-0"]
[WhiteCountry "ENG"]
[BlackCountry "USA"]
[WhiteElo "2224"]
[WhiteRD "82"]
[BlackElo "1790"]
[BlackRD "53"]
[GameID "303991"]

1. d4 Nf6 2. Bg5 Ne4 3. Bh4 g5 4. Bg3 Bg7 5. e3 d6 6. Bd3 Bf5 7. Nd2 Nxg3 8. hxg3 Bxd3 9. cxd3 Qd7 10. Qb3 Qc6
11. Ngf3 Nd7 12. Nxg5 e6 13. Nde4 h6 14. Nxe6 fxe6 15. Qxe6+ Kd8 16. Qg6
1-0

[Event "Slow Chess"]
[Site "SchemingMind.com"]
[Date "2012.02.27"]
[Round "-"]
[White "The Stonewall"]
[Black "Olli Ylönen"]
[Result "1-0"]
[WhiteCountry "ENG"]
[BlackCountry "FIN"]
[WhiteElo "2310"]
[WhiteRD "80"]
[BlackElo "1819"]
[BlackRD "52"]
[GameID "303992"]

1. d4 Nf6 2. Bg5 c5 3. Bxf6 gxf6 4. d5 Qb6 5. Qc1 f5 6. Nc3 Bg7 7. e3 d6 8. a4 Nd7 9. Nge2 e5 10. Ng3 Nf6
11. a5 Qc7 12. Bd3 b6 13. axb6 Qxb6 14. Nxf5 Bxf5 15. Bxf5 Qb4 16. Ra4 Qb7 17. O-O Nxd5 18. Nxd5 Rb8 19. Qd2 Qxb2 20. Nc7+ Ke7
21. Rxa7 Bf8 22. Nd5+
1-0

[Event "Slow Chess"]
[Site "SchemingMind.com"]
[Date "2012.02.24"]
[Round "-"]
[White "The Stonewall"]
[Black "SittingBull"]
[Result "1-0"]
[WhiteCountry "ENG"]
[BlackCountry "CAN"]
[WhiteElo "2263"]
[WhiteRD "81"]
[BlackElo "1822"]
[BlackRD "80"]
[GameID "303993"]

1. d4 Nf6 2. Bg5 Ne4 3. Bf4 g5 4. Be5 f6 5. e3 h5 6. Bd3 d5 7. f3 fxe5 8. fxe4 exd4 9. exd5 Qxd5 10. Bg6+ Kd8
11. Nc3 Qd6 12. Ne4
1-0

[Event "Slow Chess"]
[Site "SchemingMind.com"]
[Date "2012.02.22"]
[Round "-"]
[White "The Stonewall"]
[Black "Coretismo"]
[Result "1-0"]
[WhiteCountry "ENG"]
[BlackCountry "ENG"]
[WhiteElo "2291"]
[WhiteRD "82"]
[BlackElo "2039"]
[BlackRD "89"]
[GameID "303994"]

1. d4 Nf6 2. Bg5 c5 3. Nc3 cxd4 4. Qxd4 Nc6 5. Qh4 Qb6 6. O-O-O d6 7. Nf3 Be6 8. e4 O-O-O 9. Bb5 Ng4 10. Bxc6 bxc6
11. Nd4 Bd7 12. h3 Ne5 13. Bxe7 Bxe7 14. Qxe7 Be6 15. f4 Rd7 16. Qg5 Nc4 17. b3 Ne3 18. Rd3 Bc4 19. Na4 Qb4 20. Rxe3 f6
21. Qf5 Re8 22. Nxc6 Qa3+ 23. Kb1 Be6 24. Qa5
1-0

[Event "Slow Chess"]
[Site "SchemingMind.com"]
[Date "2012.02.26"]
[Round "-"]
[White "clario"]
[Black "The Stonewall"]
[Result "0-1"]
[WhiteCountry "RSA"]
[BlackCountry "ENG"]
[WhiteElo "2254"]
[WhiteRD "72"]
[BlackElo "2292"]
[BlackRD "88"]
[GameID "303996"]

1. d4 d5 2. c4 e6 3. Nc3 c6 4. Nf3 Nf6 5. Bg5 h6 6. Bxf6 Qxf6 7. e3 Nd7 8. Bd3 dxc4 9. Bxc4 g6 10. O-O Bg7
11. Bd3 O-O 12. Qb3 e5 13. Qa3 exd4 14. exd4 Nb6 15. Rfe1 Rd8 16. Ne4 Qf4 17. Nc5 Bxd4 18. Nxd4 Qxd4 19. Rad1 Qd6 20. Qc3 Nd5
21. Qc2 Qf6 22. a3 Nf4 23. Be4 Rxd1 24. Rxd1 Qe7 25. Kh1 Be6 26. g3 Nh3 27. Re1 Bg4 28. Kg2 Ng5 29. h4 Ne6 30. Nxe6 Bxe6
31. Re3 Qf6 32. Rd3 Re8 33. Qd2 Bc4 34. Rd6 Re6 35. Rxe6 Qxe6 36. Bf3 Bd5 37. Bxd5 Qxd5+ 38. Qxd5 cxd5 39. Kf3 f6 40. Ke3 Kf7
41. f3 Ke6 42. Kd4 Kd6 43. b4 b5 44. Ke3 Ke5 45. Kd3 g5 46. h5 f5
0-1

[Event "Slow Chess"]
[Site "SchemingMind.com"]
[Date "2012.02.23"]
[Round "-"]
[White "Majoanis"]
[Black "The Stonewall"]
[Result "0-1"]
[WhiteCountry "CAN"]
[BlackCountry "ENG"]
[WhiteElo "1868"]
[WhiteRD "55"]
[BlackElo "2224"]
[BlackRD "82"]
[GameID "303997"]

1. Nf3 d6 2. d4 f5 3. g3 Nf6 4. Bg2 g6 5. O-O Bg7 6. c4 O-O 7. Nc3 Qe8 8. d5 Na6 9. Rb1 Bd7 10. b4 c5
11. b5 Nc7 12. a4 b6 13. Qd3 a6 14. e4 fxe4 15. Nxe4 Nxe4
0-1

[Event "Slow Chess"]
[Site "SchemingMind.com"]
[Date "2012.02.24"]
[Round "-"]
[White "emvarela"]
[Black "The Stonewall"]
[Result "0-1"]
[WhiteCountry "ARG"]
[BlackCountry "ENG"]
[WhiteElo "1740"]
[WhiteRD "47"]
[BlackElo "2310"]
[BlackRD "80"]
[GameID "303998"]

1. e4 Nc6 2. d4 d5 3. e5 f6 4. Nf3 Bg4 5. Be2 Bxf3 6. Bxf3 fxe5 7. dxe5 e6 8. O-O Nxe5 9. Re1 Qf6 10. Qe2 Nxf3+
11. gxf3 Kf7 12. Be3 Bd6 13. c3 Ne7 14. Nd2 Rhe8 15. Bd4 Qh6 16. f4 Bxf4 17. Nf3 Ng6 18. Kh1 e5 19. Nxe5+ Nxe5 20. f3 Nxf3
0-1

[Event "Slow Chess"]
[Site "SchemingMind.com"]
[Date "2012.02.22"]
[Round "-"]
[White "Scooter"]
[Black "The Stonewall"]
[Result "0-1"]
[WhiteCountry "USA"]
[BlackCountry "ENG"]
[WhiteElo "1790"]
[WhiteRD "53"]
[BlackElo "2224"]
[BlackRD "82"]
[GameID "303999"]

1. d4 d6 2. Nf3 Bg4 3. e4 Nf6 4. Nc3 e6 5. Be2 Be7 6. Bg5 O-O 7. O-O Nbd7 8. h3 Bh5 9. e5 dxe5 10. dxe5 Bxf3
11. exf6 Bxf6 12. Bxf6 Bxe2 13. Qxe2 Qxf6 14. Rfd1 Rfd8 15. Qb5 Nb6 16. Rxd8+ Rxd8 17. Rd1 Rxd1+ 18. Nxd1 Qe7 19. Ne3 a6 20. Qe5 Qd6
21. Qe4 c6 22. a3 h6 23. c4 Qd2 24. c5 Qc1+ 25. Kh2 Qxc5 26. b4 Qd6+ 27. Kg1 Nd7 28. Nc4 Qd5
0-1

[Event "Slow Chess"]
[Site "SchemingMind.com"]
[Date "2012.02.23"]
[Round "-"]
[White "Olli Ylönen"]
[Black "The Stonewall"]
[Result "0-1"]
[WhiteCountry "FIN"]
[BlackCountry "ENG"]
[WhiteElo "1816"]
[WhiteRD "55"]
[BlackElo "2291"]
[BlackRD "82"]
[GameID "304000"]

1. e4 Nc6 2. d4 d5 3. Nc3 e6 4. Nf3 Nf6 5. e5 Ne4 6. Bd3 f5 7. exf6 Nxf6 8. O-O Bd6 9. Bg5 O-O 10. Re1 Nb4
11. a3 Nxd3 12. Qxd3 b6 13. Ne5 Qe8 14. h3 Bb7 15. Bxf6 Rxf6 16. Nb5 Bxe5 17. dxe5 Rf7 18. c4 dxc4 19. Qxc4 Ba6 20. a4 c6
0-1

[Event "Slow Chess"]
[Site "SchemingMind.com"]
[Date "2012.02.23"]
[Round "-"]
[White "SittingBull"]
[Black "The Stonewall"]
[Result "0-1"]
[WhiteCountry "CAN"]
[BlackCountry "ENG"]
[WhiteElo "1826"]
[WhiteRD "79"]
[BlackElo "2310"]
[BlackRD "80"]
[GameID "304001"]

1. e4 Nc6 2. d4 d5 3. e5 f6 4. exf6 Nxf6 5. Nf3 Bg4 6. Be2 Bxf3 7. Bxf3 e5 8. O-O Nxd4 9. Nc3 Nxf3+ 10. Qxf3 Bb4
11. Qg3 Qe7 12. Re1 e4 13. Bg5 O-O-O 14. Rad1 d4 15. a3 dxc3 16. axb4 Rxd1 17. Rxd1 cxb2 18. Qa3 Rd8 19. Rb1 Qd6
0-1

[Event "Slow Chess"]
[Site "SchemingMind.com"]
[Date "2012.02.22"]
[Round "-"]
[White "Coretismo"]
[Black "The Stonewall"]
[Result "0-1"]
[WhiteCountry "ENG"]
[BlackCountry "ENG"]
[WhiteElo "2039"]
[WhiteRD "89"]
[BlackElo "2291"]
[BlackRD "82"]
[GameID "304002"]

1. c4 d6 2. Nc3 e5 3. g3 f5 4. Bg2 Nf6 5. d3 Be7 6. Nf3 O-O 7. O-O Qe8 8. Nd5 Bd8 9. Nxf6+ Bxf6 10. Rb1 a5
11. a3 c6 12. b4 axb4 13. axb4 Na6 14. Bd2 Qf7 15. Qc1 Nc7 16. Ng5 Bxg5 17. Bxg5 f4 18. gxf4 exf4 19. Bh4 Qg6 20. Kh1 Qh6
0-1

[Event "Slow Chess"]
[Site "SchemingMind.com"]
[Date "2012.02.25"]
[Round "-"]
[White "bereolos"]
[Black "The Stonewall"]
[Result "1/2-1/2"]
[WhiteCountry "USA"]
[BlackCountry "ENG"]
[WhiteElo "2277"]
[WhiteRD "95"]
[BlackElo "2293"]
[BlackRD "85"]
[GameID "304171"]

1. d4 d5 2. c4 e6 3. Nc3 c6 4. e4 dxe4 5. Nxe4 Bb4+ 6. Bd2 Qxd4 7. Bxb4 Qxe4+ 8. Ne2 Na6 9. Bf8 Ne7 10. Bxg7 Nb4
11. Qd6 Nd3+ 12. Kd2 Nf5 13. Qxd3 Qxd3+ 14. Kxd3 Nxg7 15. Kc3 Ke7 16. Ng3 c5 17. Bd3 b6 18. Be4 Rb8 19. Rhe1 Bb7 20. Bxb7 Rxb7
21. Rad1 Rd7 22. Rxd7+ Kxd7 23. Re4 Ne8 24. Rh4 Nd6 25. Rh5 Ke7 26. a3 h6 27. f3 f5 28. Ne2 e5 29. g4 Rf8 30. b3 fxg4
31. Rxe5+ Kd7 32. fxg4 Rf2 33. h4 Rg2 34. g5 hxg5 35. hxg5 Rxg5=
1/2-1/2

[Event "Slow Chess"]
[Site "SchemingMind.com"]
[Date "2012.02.26"]
[Round "-"]
[White "bereolos"]
[Black "clario"]
[Result "0-1"]
[WhiteCountry "USA"]
[BlackCountry "RSA"]
[WhiteElo "2241"]
[WhiteRD "101"]
[BlackElo "2093"]
[BlackRD "72"]
[GameID "304172"]

1. d4 Nf6 2. c4 g6 3. Nc3 Bg7 4. e4 d6 5. f4 O-O 6. Nf3 c5 7. d5 e6 8. Be2 exd5 9. cxd5 Bg4 10. O-O Nbd7
11. a4 Nh5 12. Be3 Re8 13. Nd2 Bxe2 14. Qxe2 Bxc3 15. bxc3 Nhf6 16. f5 Nxe4 17. Nxe4 Rxe4 18. Qf3 Qe7 19. Bg5 Qe8 20. Bf4 Nb6
21. Bxd6 c4 22. Bc5 Nxd5 23. Bd4 Nf4 24. Kh1 Rd8 25. Rad1 b6 26. g3 Ne2 27. Bf6 Rxd1 28. Rxd1 Re3 29. Qg2 Nxc3 30. Bxc3 Rxc3
31. Qd5 Rc2 32. fxg6 hxg6 33. Rf1 c3 34. h4 Re2
0-1

[Event "Slow Chess"]
[Site "SchemingMind.com"]
[Date "2012.02.25"]
[Round "-"]
[White "bereolos"]
[Black "Majoanis"]
[Result "1-0"]
[WhiteCountry "USA"]
[BlackCountry "CAN"]
[WhiteElo "2230"]
[WhiteRD "95"]
[BlackElo "1777"]
[BlackRD "54"]
[GameID "304173"]

1. c4 e5 2. g3 d6 3. Nc3 Nc6 4. Bg2 Be6 5. d3 Qd7 6. e4 g6 7. Nd5 Bg7 8. Ne2 Nce7 9. d4 c6 10. Ne3 Bh3
11. O-O Bxg2 12. Kxg2 Nf6 13. f3 O-O 14. b3 Rfe8 15. Bb2 a5 16. dxe5
1-0

[Event "Slow Chess"]
[Site "SchemingMind.com"]
[Date "2012.02.26"]
[Round "-"]
[White "bereolos"]
[Black "emvarela"]
[Result "1-0"]
[WhiteCountry "USA"]
[BlackCountry "ARG"]
[WhiteElo "2285"]
[WhiteRD "98"]
[BlackElo "1746"]
[BlackRD "46"]
[GameID "304174"]

1. c4 Nf6 2. g3 c5 3. Bg2 Nc6 4. Nf3 d6 5. Nc3 g6 6. O-O Bg7 7. a3 O-O 8. Rb1 a5 9. d3 Bd7 10. Bd2 e6
11. Ne1 Rb8 12. Nc2 Na7 13. b4 axb4 14. axb4 cxb4 15. Nxb4 Bc6 16. Nxc6 bxc6 17. Rxb8 Qxb8 18. Qa4 d5 19. Ra1 dxc4 20. Qxa7 Nd5
21. Qxb8 Rxb8 22. Bxd5 cxd5 23. dxc4 dxc4 24. Rb1 Rxb1+ 25. Nxb1 f5 26. Bc3 Bxc3 27. Nxc3 Kf7 28. Kf1 e5 29. Ke1 Ke6 30. Kd2 f4
31. g4 h5 32. gxh5 gxh5 33. f3 Kd6 34. Ne4+
1-0

[Event "Slow Chess"]
[Site "SchemingMind.com"]
[Date "2012.02.25"]
[Round "-"]
[White "bereolos"]
[Black "Scooter"]
[Result "1-0"]
[WhiteCountry "USA"]
[BlackCountry "USA"]
[WhiteElo "2230"]
[WhiteRD "95"]
[BlackElo "1771"]
[BlackRD "51"]
[GameID "304175"]

1. c4 Nf6 2. g3 e6 3. d4 d5 4. Nf3 Bb4+ 5. Bd2 Bxd2+ 6. Nbxd2 c6 7. Bg2 O-O 8. O-O Nbd7 9. Qc2 b6 10. e4 dxe4
11. Nxe4 Nxe4 12. Qxe4 Bb7 13. Rac1 Nf6 14. Qe3 Qe7 15. c5 Rfd8 16. Ne5 Nd5 17. Qb3 b5 18. Be4 Nf6 19. Bxc6 Rxd4 20. Qxb5 Rb8
21. Qe2 Qc7 22. Bxb7 Qxb7 23. b3 Rbd8 24. Rfd1 Ne4 25. Rxd4 Rxd4 26. c6 Qc7 27. Nf3 Rb4 28. a3
1-0

[Event "Slow Chess"]
[Site "SchemingMind.com"]
[Date "2012.03.01"]
[Round "-"]
[White "bereolos"]
[Black "Olli Ylönen"]
[Result "1-0"]
[WhiteCountry "USA"]
[BlackCountry "FIN"]
[WhiteElo "2277"]
[WhiteRD "95"]
[BlackElo "1877"]
[BlackRD "56"]
[GameID "304176"]

1. c4 c5 2. g3 g6 3. Bg2 Bg7 4. Nc3 Nc6 5. Nf3 Nf6 6. d4 cxd4 7. Nxd4 O-O 8. O-O Nxd4 9. Qxd4 d6 10. Qd3 a6
11. Be3 Ng4 12. Bd4 Ne5 13. Qe4 Rb8 14. Rfd1 Bd7 15. c5 Bc6 16. Qf4 Bxg2 17. Kxg2 Rc8 18. Ne4 Nc4 19. Bxg7 Kxg7 20. b3 e5
21. Qc1 f5 22. Ng5 Nb6 23. Ne6+
1-0

[Event "Slow Chess"]
[Site "SchemingMind.com"]
[Date "2012.02.26"]
[Round "-"]
[White "bereolos"]
[Black "SittingBull"]
[Result "1-0"]
[WhiteCountry "USA"]
[BlackCountry "CAN"]
[WhiteElo "2277"]
[WhiteRD "95"]
[BlackElo "1775"]
[BlackRD "82"]
[GameID "304177"]

1. c4 g6 2. d4 Bg7 3. e4 d6 4. Nc3 Nf6 5. f4 O-O 6. Nf3 c5 7. d5 Bg4 8. h3 Bxf3 9. Qxf3 Na6 10. Bd3 Nc7
11. O-O e6 12. Bd2 exd5 13. exd5 a6 14. a4 Qd7 15. f5 Rab8 16. Rae1 Rfe8 17. Kh1 b6 18. Bg5 h6 19. Bxf6
1-0

[Event "Slow Chess"]
[Site "SchemingMind.com"]
[Date "2012.02.25"]
[Round "-"]
[White "bereolos"]
[Black "Coretismo"]
[Result "1-0"]
[WhiteCountry "USA"]
[BlackCountry "ENG"]
[WhiteElo "2307"]
[WhiteRD "103"]
[BlackElo "2012"]
[BlackRD "84"]
[GameID "304178"]

1. c4 Nf6 2. g3 g6 3. Bg2 d5 4. cxd5 Nxd5 5. Nc3 Nb6 6. d3 Bg7 7. Be3 Nc6 8. Rc1 O-O 9. Qd2 Qd6 10. Bh6 Rd8
11. Bxg7 Kxg7 12. Nb5 Qd7 13. h4 h5 14. Bxc6 bxc6 15. Nc3 Qe6 16. a3 Qb3 17. Nf3 Be6 18. O-O Nc4 19. Qc2 Qxc2 20. Rxc2 Nd6
21. Nd4 Bh3 22. Nxc6 Bxf1 23. Nxd8 Bxe2 24. Rxe2 Rxd8 25. Rxe7 Ne8 26. Kf1 Kf6 27. Re4 c6 28. Ke2 Nd6 29. Ra4 Rd7 30. Ra6 Rc7
31. d4 Kf5 32. Kd3 Kg4 33. d5 Kf3 34. Rxc6 Rxc6 35. dxc6 f5 36. Kd4 Kxf2 37. Ke5 Nc4+ 38. Kf4
1-0

[Event "Slow Chess"]
[Site "SchemingMind.com"]
[Date "2012.02.26"]
[Round "-"]
[White "The Stonewall"]
[Black "bereolos"]
[Result "1/2-1/2"]
[WhiteCountry "ENG"]
[BlackCountry "USA"]
[WhiteElo "2324"]
[WhiteRD "90"]
[BlackElo "2137"]
[BlackRD "84"]
[GameID "304180"]

1. e4 e5 2. Nf3 Nc6 3. d4 exd4 4. Nxd4 Nf6 5. Nxc6 bxc6 6. Bd3 d5 7. e5 Ng4 8. O-O Bc5 9. Qe2 Qe7 10. Bf4 g5
11. Bd2 Nxe5 12. Re1 Bd6 13. Qh5 h6 14. h3 Kf8 15. Bc3 f6 16. Nd2 Qf7 17. Qe2 Bd7 18. Nf1 Re8 19. Qd1 Kg7 20. Ng3 h5
21. Nf5+ Bxf5 22. Bxf5 c5 23. Bd2 Nc4 24. b3 Nxd2 25. Qxd2 Rxe1+ 26. Rxe1 Re8 27. Rxe8 Qxe8 28. Qe3 Qxe3 29. fxe3 Kf7 30. Kf2 h4
31. Kf3 Ke7 32. c4 c6 33. e4 dxc4 34. bxc4= Be5 35. Ke2 Kd6 36. Kd3 Bd4 37. Bg4 Ke5 38. Bd7 Kf4 39. Bg4 Kg3 40. Bf3 Kf2
41. Kd2 Be3+ 42. Kd1 Bf4 43. Kc2 Ke3 44. Kb3 Kd3 45. Bg4 Kxe4 46. Bf3+ Ke3 47. Bxc6 Bc7 48. Ka4 a6 49. Bb7 Kf2 50. Be4 Ke3
51. Bb7 Kf2 52. Be4 Kg3 53. Kb3 Ba5 54. Kc2 Bb4 55. Kb3 Kf4 56. Bb7 Kg3 57. Be4 Be1 58. Kc2 a5 59. Kd3 Kf2 60. Bb7 a4
61. Bc6 a3 62. Be4 Ba5 63. Bb7 Bc7 64. Be4 Bd6 65. Kc3 Ke3 66. Bd5 Be5+ 67. Kb3 Bb2 68. Ka4 Bc1 69. Kb5 Kd4 70. Be6 Bd2
71. Ka4 Bb4 72. Kb3 Ke5 73. Bd5 Kd4 74. Be6 Kd3 75. Bf5+ Ke3 76. Kc2 Kf4 77. Be6 Kg3 78. Bd5 g4 79. hxg4 Kxg4 80. Kd3 Kg3
81. Ke2 Bc3 82. Kd3 Ba5 83. Ke2 Bb4 84. Ke3 h3 85. gxh3 Kxh3 86. Kf4 Kh2 87. Kf3 Kg1 88. Ke2 Ba5 89. Be4 Kh2 90. Kf3 Kh3
91. Bf5+ Kh4 92. Be6 Kg5 93. Ke4 Kg6 94. Bg4 Kf7 95. Kd5 Bb4 96. Bf5 Kg7=
1/2-1/2